| 000 | 00891cam a2200313 a 4500 | ||
|---|---|---|---|
| 999 |
_c478859 _d478859 |
||
| 001 | 16540825 | ||
| 003 | NUST | ||
| 005 | 20180808091546.0 | ||
| 008 | 101117s2010 enka 001 0 eng | ||
| 010 | _a 2010485003 | ||
| 020 | _a9781444107586 | ||
| 038 | _a0 | ||
| 040 |
_aDLC _cDLC |
||
| 042 | _apcc | ||
| 043 |
_ae-uk-en _ae-uk-wl |
||
| 050 | 0 | 0 |
_aKD661 _b.M373 2010 |
| 082 | 0 | 0 |
_a349.42 _222 |
| 100 | 1 |
_aMartin, Jacqueline, _d1945- _912260 |
|
| 245 | 1 | 4 |
_aThe English legal system . _cJacqueline Martin. |
| 250 | _a7th ed. | ||
| 260 |
_a[London] : _bHodder Education, _c2013. |
||
| 300 |
_axix, 308 p. : _bill. (some col.) ; _c25 cm. |
||
| 500 | _aIncludes index. | ||
| 650 | 0 |
_aLaw _zEngland. _912261 |
|
| 650 | 0 |
_aLaw _zWales. _912262 |
|
| 906 |
_a7 _bcbc _corignew _d2 _encip _f20 _gy-gencatlg |
||
| 942 |
_2ddc _cBK _m349.42 |
||